Sabrina Carpenter - Man's Best Friend - Statistics

General Stats
  • This quiz has been taken 62 times
    50 since last reset
  • The average score is 9 of 13
Answer Stats
2025 Man's Best Friend % Correct
1 Manchild
100%
2 Tears
87%
11 House Tour
83%
9 Go Go Juice
77%
12 Goodbye
77%
3 My Man on Willpower
73%
10 Don't Worry I'll Make You Worry
70%
6 Nobody's Son
70%
7 Never Getting Laid
63%
4 Sugar Talking
63%
5 We Almost Broke Up Again Last Night
63%
8 When Did You Get Hot?
63%
13 Such a Funny Way
40%
No matching quizzes found
Score Distribution
Percent of People with Each Score
Percentile by Number Answered
Your Score History
You have not taken this quiz since the last reset